000 01529nam0a22003011 4500
001 rc\4434138
005 20260407083702.0
021 _aRU
_b[68-110381]
035 _a(NLR Aleph) 008577840
090 _a8566310
_c8566310
100 _a20130416d1968 |||y0rusy50 ca
101 0 _arus
102 _aRU
105 _aa z |||||
200 1 _aИзменения слизистой оболочки полости рта при ношении съемных протезов
_e(Клинико-эксперим. физиол. морфол. и биохим. исследования)
_e[Труды Ин-та
_fПод ред. проф. С.С. Полтырева и др.]
_gКубан. гос. мед. ин-т им. Красной Армии
210 _aКраснодар
_cБ. и.
_d1968
215 _a266 с.
_cил.
_d21
320 _aБиблиогр.: с. 249-261
606 _aЗубопротезирование
_xОсложнения и последствия
_2psbo
606 _aРотовая полость
_xСлизистая оболочка
_xПатологическая анатомия
_2psbo
606 _aЗубные протезы, съемные
_2psbo
702 1 _aПолтырев
_bС.С.
_gСавелий Соломонович
_4340
712 0 2 _aКубанский медицинский институт им. Красной Армии
_cКраснодар
_3RU\NLR\AUTH\8810881
_9294391
801 0 _aRU
_bNLR
_gpsbo
801 1 _aRU
_bELAR
_2rusmarc
852 _aNLR
_j69-3/842
942 _cBOOK
980 _aNB